Music Quiz

Random Music or Billboard Quiz
Score 0/100 Timer 10:00
0 Plays Today
# Song Title % Correct
2Blurred Lines
88.7%
1Thrift Shop
86.8%
3Radioactive
77%
18Wrecking Ball
75.1%
15Royals
73.1%
14Get Lucky
61.8%
10Roar
61.6%
6Mirrors
61.2%
5Can't Hold Us
61.2%
21Cups (Pitch Perfect's When I'm Gone)
57.1%
17We Can't Stop
54.5%
7Just Give Me A Reason
54.3%
19Wake Me Up!
51.2%
20Suit & Tie
49.8%
13Stay
49.7%
12Ho Hey
49.2%
55Gangnam Style
47.5%
43Same Love
46.3%
9Cruise
46.2%
28I Love It
45.5%
62Demons
44.4%
46Home
42.6%
11Locked Out of Heaven
41.4%
25Sail
41.3%
22Holy Grail
39.1%
42Beauty and a Beat
38.6%
37Applause
38.3%
30Treasure
37.6%
23Scream & Shout
37.4%
16I Knew You Were Trouble
37.3%
24Clarity
35.5%
7122
35.4%
4Harlem Shake
34.9%
45Summertime Sadness
34.2%
# Song Title % Correct
29Safe and Sound
34%
8When I Was Your Man
33.9%
26Don't You Worry Child
33.7%
63Counting Stars
33.3%
31The Way
33.2%
58Some Nights
33.1%
97Let Her Go
32.7%
33Come & Get It
32.4%
40My Songs Know What You Did in the Dark (Light Em Up)
29.7%
73The Fox
29.3%
50Heart Attack
28.4%
75The A Team
28.3%
47It's Time
27.5%
96Brave
26.3%
36Feel This Moment
25.3%
85Hall of Fame
25%
52I Will Wait
24.8%
74Best Song Ever
24.7%
27Diamonds
23.7%
65Little Talks
23.5%
38One More Night
23%
34Hold On, We're Going Home
21.6%
44Sweet Nothing
20.4%
32Started From the Bottom
20.4%
82Troublemaker
20.3%
35Daylight
20.1%
49Girl On Fire
20.1%
56I Need Your Love
19.6%
100Still Into You
19.5%
92Wanted
19.2%
61Gone, Gone, Gone
19.2%
76Carry On
19.2%
54Wagon Wheel
18.7%
57Die Young
18.5%
# Song Title % Correct
51Love Somebody
18.1%
81#Beautiful
16.6%
53Try
16.5%
88Next To Me
15.5%
95#Thatpower
15.5%
41F**kin Problems
14.8%
79Swimming Pools (Drank)
14.7%
67Berzerk
12.8%
66The Other Side
11.9%
77Highway Don't Care
11.9%
59Bad
11.7%
72I Want Crazy
11.1%
60Boys Round Here
10.2%
39Love Me
9.5%
48Power Trip
9.3%
84Adorn
8.8%
86Let Me Love (Until You Learn to Love Yourself)
8.6%
70Pour It Up
8.1%
68Catch My Breath
8.1%
69Crash My Party
7.7%
83Body Party
7%
64I Cry
6.7%
78That's My Kind of Night
6.6%
91Bugatti
6.5%
93Downtown
6.2%
99I'm Different
5.7%
89Mama's Broken Heart
5.6%
94Get Your Shine On
4.4%
98Runnin' Outta Moonlight
3.9%
90It Goes Like This
3.6%
80Sure Be Cool If You Did
3.5%
87U.O.E.N.O.
3.1%
Remove Ads.
Support Sporcle.
Get the best of Sporcle when you Go Orange. This ad-free experience offers more features, more stats, and more fun while also helping to support Sporcle. Thank you for becoming a member.

You're not logged in!

Compare scores with friends on all Sporcle quizzes.
OR
Log In

Show Comments

Extras

Top Quizzes Today


Score Distribution

Your Account Isn't Verified!

In order to create a playlist on Sporcle, you need to verify the email address you used during registration. Go to your Sporcle Settings to finish the process.

Report this User

Report this user for behavior that violates our Community Guidelines.

Details: